| 000 | 00614nam a2200229Ia 4500 | ||
|---|---|---|---|
| 003 | BUBTL | ||
| 008 | 151213s9999 xx 000 0 und d | ||
| 020 | _a0-13-554239-1 | ||
| 082 | _a005.1068/MEM | ||
| 100 |
_aP.Metzger _93031 |
||
| 245 |
_aManaging a Programing Project _cP.Metzger |
||
| 250 | _a3rd | ||
| 260 |
_aNew Jersey _bPrentic Hall _c1996 |
||
| 300 |
_axxiv , 372p . : _bill . ; 23cm. |
||
| 500 | _aIncludes Index | ||
| 650 |
_aComputer _93032 |
||
| 650 |
_aComputer _93032 |
||
| 700 |
_aP.Metzger _93031 |
||
| 856 |
_k0 _l0 _yDownload |
||
| 942 |
_2ddc _cBK |
||
| 999 |
_c1860 _d1860 |
||